Kleinere Schriften des Deutschen Vereins für Öffentliche und Private Fürsorge e.V.
| Corporate Author: | |
|---|---|
| Format: | Print Series/Journal |
| Language: | German |
| Published: |
Freiburg, Br.
Lambertus-Verl.
1963-2011
Frankfurt, M. Verein für Öffentliche und Private Fürsorge anfangs Berlin Dt. Verein für Öffentliche und Private Fürsorge früher Gelsenkirchen Verl. Soziale Theorie und Praxis früher |
| In: | Year: 1963 |
| Check availability: | HBZ Gateway |
| Volumes / Articles: | Show volumes/articles. |
| Keywords: |
MARC
| LEADER | 00000cas a2200000 c 4500 | ||
|---|---|---|---|
| 001 | 130114545 | ||
| 003 | DE-627 | ||
| 005 | 20260207121431.0 | ||
| 007 | tu | ||
| 008 | 931116d19632011gw z| m| 0 |0ger c | ||
| 015 | |a 07,B32,0220 |2 dnb | ||
| 016 | 7 | |a 012641529 |2 DE-101 | |
| 016 | 7 | |a 504298-7 |2 DE-600 | |
| 035 | |a (DE-627)130114545 | ||
| 035 | |a (DE-576)015645037 | ||
| 035 | |a (DE-599)ZDB504298-7 | ||
| 035 | |a (OCoLC)714177246 | ||
| 040 | |a DE-627 |b ger |c DE-627 |e rakwb | ||
| 041 | |a ger | ||
| 044 | |c XA-DE | ||
| 082 | 0 | 4 | |a 360 |q DE-101 |
| 082 | 0 | 4 | |a 360 |q DE-600 |
| 110 | 2 | |a Deutscher Verein für Öffentliche und Private Fürsorge |e VerfasserIn |0 (DE-588)2008628-3 |0 (DE-627)101626533 |0 (DE-576)191636479 |4 aut | |
| 245 | 1 | 0 | |a Kleinere Schriften des Deutschen Vereins für Öffentliche und Private Fürsorge e.V. |
| 246 | 1 | |i Nebent.: |a Kleine Schriften des Deutschen Vereins für Öffentliche und Private Fürsorge | |
| 247 | 1 | 0 | |a Kleinere Schriften des Deutschen Vereins für Öffentliche und Private Fürsorge |f Hauptsacht. teils |
| 264 | 3 | 1 | |a Freiburg, Br. |b Lambertus-Verl. |c 1963-2011 |
| 264 | 2 | 1 | |a Frankfurt, M. |b Verein für Öffentliche und Private Fürsorge |c anfangs |
| 264 | 2 | 1 | |a Berlin |b Dt. Verein für Öffentliche und Private Fürsorge |c früher |
| 264 | 2 | 1 | |a Gelsenkirchen |b Verl. Soziale Theorie und Praxis |c früher |
| 336 | |a Text |b txt |2 rdacontent | ||
| 337 | |a ohne Hilfsmittel zu benutzen |b n |2 rdamedia | ||
| 338 | |a Band |b nc |2 rdacarrier | ||
| 362 | 0 | |a H. 1.1965; 2.1963 - 79.2011 | |
| 363 | 0 | 0 | |a 1 |i 1965 |
| 363 | 1 | 0 | |a 79 |i 2011 |
| 655 | 7 | |a Monografische Reihe |0 (DE-588)4179998-7 |0 (DE-627)104628669 |0 (DE-576)209995106 |2 gnd-content | |
| 787 | 0 | 8 | |i Zugl. einzelne Bd. von |t Gutachten zum Sozial- und Jugendhilferecht |d Frankfurt, M. : Verein, 1967 |w (DE-627)166893587 |w (DE-600)343974-4 |w (DE-576)015332640 |
| 889 | |w (DE-603)001482556 | ||
| 889 | |w (DE-627)1000908445 | ||
| 889 | |w (DE-627)1871407303 | ||
| 935 | |a mteo | ||
| 935 | |i sdedup20220902 | ||
| 936 | s | n | |a m200 |2 mzub |
| 951 | |a ST | ||
| ELC | |b 1 | ||
| LOK | |0 000 xxxxxcx a22 zn 4500 | ||
| LOK | |0 001 2922713210 | ||
| LOK | |0 003 DE-627 | ||
| LOK | |0 004 130114545 | ||
| LOK | |0 005 20170512114933 | ||
| LOK | |0 008 160421||||||||||||||||ger||||||| | ||
| LOK | |0 040 |a DE-21-110 |c DE-627 |d DE-21-110 | ||
| LOK | |0 852 |z nur Band 10, 17, 31 vhd. | ||
| LOK | |0 852 |a DE-21-110 | ||
| LOK | |0 852 1 |m p |9 00 | ||
| LOK | |0 938 |k p | ||
| LOK | |0 939 |a 21-04-16 |b l01 | ||
| ORI | |a SA-MARC-krimdoka001.raw | ||
| SPR | |a 1 |t KRI | ||
